Gaming Quiz

Random Gaming or Video Games Quiz
Score 0/15 Timer 02:00
2 Plays Today
% Correct
Super Mario Brothers
90.4%
Candy Crush
86.5%
Grand Theft Auto
86.2%
Tetris
85.4%
Mortal Kombat
83.1%
Crash Bandicoot
83.1%
Sonic The Hedgehog
81%
Pong
77.9%
% Correct
Final Fantasy
74.2%
Street Fighter
73.3%
Guitar Hero
73.1%
Duck Hunt
72.8%
Punchout!
63.7%
Contra
53.8%
Marble Madness
52.9%
Remove Ads.
Support Sporcle.
Get the best of Sporcle when you Go Orange. This ad-free experience offers more features, more stats, and more fun while also helping to support Sporcle. Thank you for becoming a member.

You're not logged in!

Compare scores with friends on all Sporcle quizzes.
OR
Log In

Show Comments

Extras

Created Apr 22, 2020ReportNominate
Tags:Video Games Quiz

Top Quizzes Today


Score Distribution

Your Account Isn't Verified!

In order to create a playlist on Sporcle, you need to verify the email address you used during registration. Go to your Sporcle Settings to finish the process.

Report this User

Report this user for behavior that violates our Community Guidelines.

Details: